[Event "CAN-op"]
[Site "Edmonton CAN"]
[Date "2009.07.15"]
[Round "5.43"]
[White "Yam, Alex"]
[Black "MacLeod, Damon"]
[Result "1-0"]
[WhiteElo "2060"]
[BlackElo "1835"]
[PlyCount "59"]
[GameId "2160767910156046"]
[EventDate "2009.07.11"]
[EventType "swiss"]
[EventRounds "9"]
[EventCountry "CAN"]
[SourceTitle "EXT 2022"]
[Source "ChessBase"]
[SourceDate "2021.10.06"]
[SourceVersion "1"]
[SourceVersionDate "2021.10.06"]
[SourceQuality "1"]

1. e4 e5 2. Nc3 Nf6 3. f4 d5 4. fxe5 Nxe4 5. d3 Qh4+ 6. g3 Nxg3 7. Nf3 Qh5 8. Nxd5 Na6 9. Nf4 Qh6 10. Nh3 Qg6 11. Rg1 Nxf1 12. Rxg6 hxg6 13. Nhg5 Nxh2 14. Nxh2 Rxh2 15. Qf3 Bf5 16. Qxb7 Rd8 17. Qxa6 Bb4+ 18. Kf1 Rd4 19. e6 fxe6 20. Qc8+ Rd8 21. Qxc7 Bh3+ 22. Nxh3 Rxh3 23. Kg2 Rh4 24. Be3 Bd6 25. Qc6+ Kf7 26. Rh1 Rg4+ 27. Kf2 Kg8 28. Ke2 g5 29. Bc5 Rf8 30. Bxd6 1-0

[Event "CAN-op"]
[Site "Edmonton CAN"]
[Date "2009.07.15"]
[Round "5.44"]
[White "Miettinen, Eric"]
[Black "Purewal, Sardul"]
[Result "0-1"]
[WhiteElo "1800"]
[BlackElo "2057"]
[PlyCount "88"]
[GameId "2160767910156047"]
[EventDate "2009.07.11"]
[EventType "swiss"]
[EventRounds "9"]
[EventCountry "CAN"]
[SourceTitle "EXT 2022"]
[Source "ChessBase"]
[SourceDate "2021.10.06"]
[SourceVersion "1"]
[SourceVersionDate "2021.10.06"]
[SourceQuality "1"]

1. Nf3 Nf6 2. c4 c6 3. d4 d5 4. e3 e6 5. Nc3 Nbd7 6. Qc2 Be7 7. g4 h6 8. Bd2 b6 9. e4 dxe4 10. Nxe4 Bb7 11. Nxf6+ Nxf6 12. c5 bxc5 13. dxc5 Qd5 14. Be2 Qxc5 15. Qb3 Qb6 16. Qc2 Bc5 17. O-O-O Nxg4 18. Rhg1 Nxf2 19. Rxg7 Nxd1 20. Rxf7 Kxf7 21. Ne5+ Ke7 22. Kxd1 Rag8 23. Ng6+ Kd8 24. Nxh8 Rg1+ 25. Be1 Bf2 26. Qd3+ Kc8 27. Bf1 Bxe1 28. Kxe1 Qxb2 29. Nf7 Qb4+ 30. Kf2 Qb6+ 31. Ke1 a5 32. Nd6+ Kb8 33. Nxb7 Rxf1+ 34. Kxf1 Kxb7 35. Qd7+ Ka6 36. Qxe6 Qb5+ 37. Kf2 Qd5 38. Qxh6 Qxa2+ 39. Kg3 Qb3+ 40. Kf2 Qc2+ 41. Kg3 a4 42. Qd6 Qc3+ 43. Kf2 a3 44. Qb8 Qb2+ 0-1

[Event "CAN-op"]
[Site "Edmonton CAN"]
[Date "2009.07.15"]
[Round "5.45"]
[White "Caron, Harvey"]
[Black "Abrahams, Daniel"]
[Result "0-1"]
[WhiteElo "1784"]
[BlackElo "2027"]
[PlyCount "52"]
[GameId "2160767910156048"]
[EventDate "2009.07.11"]
[EventType "swiss"]
[EventRounds "9"]
[EventCountry "CAN"]
[SourceTitle "EXT 2022"]
[Source "ChessBase"]
[SourceDate "2021.10.06"]
[SourceVersion "1"]
[SourceVersionDate "2021.10.06"]
[SourceQuality "1"]

1. e4 c5 2. Nc3 e6 3. f4 d5 4. Bb5+ Bd7 5. Bxd7+ Qxd7 6. d3 Nc6 7. Nf3 d4 8. Ne2 Nf6 9. O-O Be7 10. a3 Qc7 11. Bd2 Rd8 12. Qe1 e5 13. fxe5 Nxe5 14. Nxe5 Qxe5 15. Rf5 Qe6 16. Nf4 Qc6 17. e5 Nd5 18. Nxd5 Rxd5 19. Qf2 O-O 20. Qg3 Qe6 21. c4 dxc3 22. Bh6 Qxh6 23. bxc3 Rfd8 24. d4 cxd4 25. c4 R5d7 26. Re1 Bh4 0-1

[Event "CAN-op"]
[Site "Edmonton CAN"]
[Date "2009.07.15"]
[Round "5.46"]
[White "Zhang, David"]
[Black "Steer, David"]
[Result "1-0"]
[WhiteElo "1999"]
[BlackElo "1814"]
[PlyCount "71"]
[GameId "2160767910156049"]
[EventDate "2009.07.11"]
[EventType "swiss"]
[EventRounds "9"]
[EventCountry "CAN"]
[SourceTitle "EXT 2022"]
[Source "ChessBase"]
[SourceDate "2021.10.06"]
[SourceVersion "1"]
[SourceVersionDate "2021.10.06"]
[SourceQuality "1"]

1. e4 e5 2. Nf3 Nc6 3. Nc3 Bc5 4. Bb5 d6 5. Na4 Bb6 6. Nxb6 axb6 7. d4 exd4 8. Qxd4 f6 9. Qc4 Bd7 10. O-O Qe7 11. Bd2 Qf7 12. Qc3 Nge7 13. Rfe1 O-O 14. Nd4 Qh5 15. Be2 Qc5 16. Bc4+ Kh8 17. Ne6 Bxe6 18. Bxe6 Qd4 19. Rad1 Qxc3 20. Bxc3 Ng6 21. g3 Rfe8 22. Bd5 Nce7 23. Bf7 Rf8 24. Be6 Rfe8 25. f4 Nc6 26. Bd5 Re7 27. b4 h5 28. Kf2 Rae8 29. Kf3 Nd8 30. a3 Nc6 31. g4 Nh4+ 32. Kg3 Ng6 33. gxh5 Nf8 34. h6 Ne6 35. Kf3 Ncd8 36. hxg7+ 1-0

[Event "CAN-op"]
[Site "Edmonton CAN"]
[Date "2009.07.15"]
[Round "5.47"]
[White "White, Chris"]
[Black "Longo, Tyler"]
[Result "0-1"]
[WhiteElo "1766"]
[BlackElo "1992"]
[PlyCount "54"]
[GameId "2160767910156050"]
[EventDate "2009.07.11"]
[EventType "swiss"]
[EventRounds "9"]
[EventCountry "CAN"]

1. d4 d5 2. c4 dxc4 3. Nc3 Nf6 4. e4 e5 5. d5 Bc5 6. Qa4+ c6 7. Qxc4 Qb6 8. Na4 Bxf2+ 9. Ke2 Qd4 10. Qxd4 Bxd4 11. Nf3 Bg4 12. Kd3 Bxf3 13. gxf3 cxd5 14. exd5 Nxd5 15. f4 Nc6 16. fxe5 Bxe5 17. Bg2 O-O-O 18. Bxd5 Rxd5+ 19. Ke2 Re8 20. Kf3 Rd3+ 21. Kg2 Bd4 22. Rf1 Re2+ 23. Kh1 Be5 24. Bf4 Rh3 25. Nc3 Rxb2 26. Ne4 Bxf4 27. Rxf4 Rbxh2+ 0-1

[Event "CAN-op"]
[Site "Edmonton CAN"]
[Date "2009.07.15"]
[Round "5.48"]
[White "Mackey, John"]
[Black "Fan, Brendan"]
[Result "0-1"]
[WhiteElo "1743"]
[BlackElo "1992"]
[PlyCount "98"]
[GameId "2160767910156051"]
[EventDate "2009.07.11"]
[EventType "swiss"]
[EventRounds "9"]
[EventCountry "CAN"]
[SourceTitle "EXT 2022"]
[Source "ChessBase"]
[SourceDate "2021.10.06"]
[SourceVersion "1"]
[SourceVersionDate "2021.10.06"]
[SourceQuality "1"]

1. d4 Nf6 2. Nf3 d5 3. g3 Bf5 4. Bg2 e6 5. O-O Bd6 6. c4 c6 7. Qb3 b6 8. Nc3 Nbd7 9. Re1 O-O 10. Nh4 Rc8 11. Nxf5 dxc4 12. Nh6+ gxh6 13. Qxc4 Kg7 14. e4 e5 15. Be3 Ng4 16. Bd2 Qf6 17. f3 exd4 18. fxg4 Ne5 19. Qf1 Qxf1+ 20. Rxf1 dxc3 21. Bxc3 f6 22. h3 Rce8 23. Rfd1 Rd8 24. b3 Rfe8 25. Rac1 c5 26. Rd5 Nc6 27. Kf2 Be5 28. Bd2 Bd4+ 29. Ke2 Re5 30. Kd3 Rde8 31. Rf1 a5 32. a4 Rxd5 33. exd5 Nb4+ 34. Bxb4 Re3+ 35. Kc4 axb4 36. d6 Kf7 37. Bc6 Ke6 38. d7 Ke7 39. Rf5 Be5 40. Rh5 Bc7 41. Rxh6 Re6 42. Rxh7+ Kd6 43. Bb5 Re3 44. Ba6 Bd8 45. Bc8 Kc6 46. Bb7+ Kxb7 47. Kd5 Rxb3 48. h4 Rxg3 49. h5 b3 0-1

[Event "CAN-op"]
[Site "Edmonton CAN"]
[Date "2009.07.15"]
[Round "5.49"]
[White "Ferreira, Alex"]
[Black "De Jong, Walter"]
[Result "1-0"]
[WhiteElo "1987"]
[BlackElo "1812"]
[PlyCount "131"]
[GameId "2160767910156052"]
[EventDate "2009.07.11"]
[EventType "swiss"]
[EventRounds "9"]
[EventCountry "CAN"]

1. e4 e6 2. d4 d5 3. Nc3 Bb4 4. e5 c5 5. a3 Bxc3+ 6. bxc3 Qc7 7. Nf3 b6 8. Be2 Ba6 9. Bxa6 Nxa6 10. O-O Ne7 11. Be3 Nb8 12. Ne1 Nbc6 13. f4 cxd4 14. cxd4 Nf5 15. Bf2 h5 16. Qd3 Na5 17. Qb5+ Qd7 18. Qb4 Rc8 19. Nf3 Rc4 20. Qb2 Qa4 21. Rfc1 O-O 22. Nd2 Rc7 23. Qb4 Qc6 24. c3 Rfc8 25. Be1 Nc4 26. Nxc4 Qxc4 27. Qxc4 Rxc4 28. Rcb1 Ra4 29. Kf2 Ne7 30. Rb4 Rc4 31. Rxc4 Rxc4 32. a4 Nc6 33. Ke2 Kh7 34. h3 Kg6 35. g4 Na5 36. Kd3 Rc8 37. Bd2 hxg4 38. Rg1 Rc4 39. hxg4 Nc6 40. Ra1 Kh7 41. f5 Kg8 42. Bc1 exf5 43. gxf5 f6 44. exf6 gxf6 45. Bf4 Kf7 46. Bd6 Ne7 47. Bxe7 Kxe7 48. Kc2 Rc8 49. Re1+ Kf7 50. Re6 Re8 51. Rd6 Re2+ 52. Kb3 Ke7 53. Rxd5 a6 54. a5 b5 55. c4 bxc4+ 56. Kxc4 Rc2+ 57. Kb4 Rd2 58. Kc5 Rb2 59. Kc6 Rb1 60. Rd7+ Ke8 61. Rb7 Rf1 62. d5 Rxf5 63. Rb8+ Kf7 64. d6 Rf1 65. d7 Rc1+ 66. Kb6 1-0

[Event "CAN-op"]
[Site "Edmonton CAN"]
[Date "2009.07.15"]
[Round "5.50"]
[White "Lefkowitz, Phil"]
[Black "Jablon, Stephen"]
[Result "0-1"]
[WhiteElo "1700"]
[BlackElo "1985"]
[PlyCount "161"]
[GameId "2160767910156053"]
[EventDate "2009.07.11"]
[EventType "swiss"]
[EventRounds "9"]
[EventCountry "CAN"]
[SourceTitle "EXT 2022"]
[Source "ChessBase"]
[SourceDate "2021.10.06"]
[SourceVersion "1"]
[SourceVersionDate "2021.10.06"]
[SourceQuality "1"]

1. d4 d5 2. c4 e6 3. Nc3 Nf6 4. Bg5 Nbd7 5. Nf3 c6 6. Rc1 Be7 7. e3 O-O 8. Bd3 Re8 9. O-O Nf8 10. c5 Bd7 11. b4 Ng6 12. a4 h6 13. Bxf6 Bxf6 14. e4 Bg5 15. Nxg5 Qxg5 16. e5 Nf4 17. g3 Nxd3 18. Qxd3 Rf8 19. f4 Qh5 20. Qf3 Qxf3 21. Rxf3 f5 22. exf6 Rxf6 23. Re3 Raf8 24. Rce1 Kh7 25. Nd1 g5 26. fxg5 hxg5 27. Nb2 Rf2 28. R1e2 Rf1+ 29. Kg2 Rb1 30. Nd3 Rff1 31. Rf2 Rg1+ 32. Kf3 Be8 33. Kg4 Rgf1 34. Rxf1 Rxf1 35. Kxg5 Rf5+ 36. Kg4 Bh5+ 37. Kh4 Bf3 38. Re5 Rf6 39. g4 Be4 40. Rh5+ Kg7 41. Ne5 Rf2 42. h3 Rd2 43. b5 Rxd4 44. bxc6 bxc6 45. Nxc6 Rxa4 46. Nd8 d4 47. Nxe6+ Kf6 48. Nf4 d3 49. Nd5+ Kf7 50. Ne3 d2 51. Re5 Rd4 52. Kg5 Bg2 53. h4 Bh3 54. Rf5+ Ke6 55. Rf4 Rd5+ 56. Kg6 d1=Q 57. Nxd1 Rxd1 58. h5 Rd8 59. Kg7 Rd7+ 60. Kg6 Ke5 61. Rf5+ Ke4 62. c6 Bxg4 63. Rg5 Rd6+ 64. Kg7 Bf5 65. Rg1 Rxc6 66. Ra1 Rc7+ 67. Kf6 Bh7 68. Ra5 Kd4 69. Ke6 Ke4 70. Kd6 Rg7 71. Re5+ Kd4 72. Re1 a5 73. Rh1 Ra7 74. Ke6 a4 75. Rh4+ Kc5 76. Kf6 a3 77. h6 a2 78. Rh5+ Kd6 79. Rh1 a1=Q+ 80. Rxa1 Rxa1 81. Kg7 0-1

[Event "CAN-op"]
[Site "Edmonton CAN"]
[Date "2009.07.15"]
[Round "5.51"]
[White "Steele, Len"]
[Black "Du, Jasmine"]
[Result "0-1"]
[WhiteElo "1984"]
[BlackElo "1893"]
[PlyCount "44"]
[GameId "2160767910156054"]
[EventDate "2009.07.11"]
[EventType "swiss"]
[EventRounds "9"]
[EventCountry "CAN"]
[SourceTitle "EXT 2022"]
[Source "ChessBase"]
[SourceDate "2021.10.06"]
[SourceVersion "1"]
[SourceVersionDate "2021.10.06"]
[SourceQuality "1"]

1. c4 b6 2. Nc3 Bb7 3. Nf3 Nf6 4. g3 e6 5. Bg2 Be7 6. O-O O-O 7. d4 d5 8. cxd5 exd5 9. Re1 Nbd7 10. e3 c5 11. Nd2 Re8 12. e4 cxd4 13. Nxd5 Nxd5 14. exd5 Nf6 15. Nf3 Bc5 16. Bd2 Nxd5 17. b4 Nxb4 18. Bxb4 Bxb4 19. Rxe8+ Qxe8 20. Qxd4 Bc5 21. Qb2 Rd8 22. Re1 Qa4 0-1

[Event "CAN-op"]
[Site "Edmonton CAN"]
[Date "2009.07.15"]
[Round "5.52"]
[White "Gaciu, Vlad"]
[Black "Green, Jim"]
[Result "1-0"]
[WhiteElo "1968"]
[BlackElo "1782"]
[PlyCount "41"]
[GameId "2160767910156055"]
[EventDate "2009.07.11"]
[EventType "swiss"]
[EventRounds "9"]
[EventCountry "CAN"]
[SourceTitle "EXT 2022"]
[Source "ChessBase"]
[SourceDate "2021.10.06"]
[SourceVersion "1"]
[SourceVersionDate "2021.10.06"]
[SourceQuality "1"]

1. e4 d6 2. d4 Nf6 3. Nc3 e5 4. Nge2 Be7 5. Be3 Ng4 6. Bd2 c6 7. g3 exd4 8. Nxd4 Qb6 9. Bc1 Bf6 10. Nce2 c5 11. Nb3 c4 12. Nbd4 Nc6 13. c3 Bxd4 14. cxd4 O-O 15. Bg2 Nce5 16. O-O Nd3 17. f3 Nxc1 18. Qxc1 Ne5 19. Kh1 Nd3 20. Qxc4 Nxb2 21. Qc2 1-0

[Event "CAN-op"]
[Site "Edmonton CAN"]
[Date "2009.07.15"]
[Round "5.54"]
[White "Newton, Geoff"]
[Black "MacFie, Bob"]
[Result "1/2-1/2"]
[WhiteElo "1953"]
[BlackElo "1768"]
[PlyCount "68"]
[GameId "2160767910156057"]
[EventDate "2009.07.11"]
[EventType "swiss"]
[EventRounds "9"]
[EventCountry "CAN"]
[SourceTitle "EXT 2022"]
[Source "ChessBase"]
[SourceDate "2021.10.06"]
[SourceVersion "1"]
[SourceVersionDate "2021.10.06"]
[SourceQuality "1"]

1. d4 d5 2. Nf3 Nc6 3. Bf4 Bg4 4. Ne5 Nxe5 5. Bxe5 f6 6. Bg3 e6 7. c4 Bb4+ 8. Nc3 c6 9. Qb3 Qa5 10. e3 Ne7 11. h3 Bf5 12. Be2 Bxc3+ 13. bxc3 dxc4 14. Bxc4 Nd5 15. O-O b5 16. Bxd5 exd5 17. f3 Bd3 18. Rfe1 Bc4 19. Qc2 O-O 20. e4 Rfe8 21. Bd6 Qd8 22. e5 Qd7 23. Re3 f5 24. Bc5 g6 25. f4 Kf7 26. Qf2 Ke6 27. Qh4 Qf7 28. Rae1 a6 29. Qf6+ Qxf6 30. exf6+ Kf7 31. Re7+ Rxe7 32. Rxe7+ Kxf6 33. a3 a5 34. Rxh7 Re8 1/2-1/2

[Event "CAN-op"]
[Site "Edmonton CAN"]
[Date "2009.07.15"]
[Round "5.55"]
[White "Long, Hugh"]
[Black "Shah, Omar"]
[Result "0-1"]
[WhiteElo "1672"]
[BlackElo "1972"]
[PlyCount "102"]
[GameId "2160767910156058"]
[EventDate "2009.07.11"]
[EventType "swiss"]
[EventRounds "9"]
[EventCountry "CAN"]
[SourceTitle "EXT 2022"]
[Source "ChessBase"]
[SourceDate "2021.10.06"]
[SourceVersion "1"]
[SourceVersionDate "2021.10.06"]
[SourceQuality "1"]

1. d4 Nf6 2. c4 c5 3. e3 e6 4. Nc3 Be7 5. g3 O-O 6. Bg2 d5 7. cxd5 Nxd5 8. Nxd5 exd5 9. Nf3 Nc6 10. O-O Bg4 11. dxc5 Bxc5 12. h3 Be6 13. Nd4 Nxd4 14. exd4 Bb6 15. Be3 Rc8 16. Rc1 Rxc1 17. Qxc1 Qd7 18. Kh2 Qa4 19. a3 Rc8 20. Qb1 Qc2 21. Qxc2 Rxc2 22. Rc1 Rxc1 23. Bxc1 Bxd4 24. f4 g6 25. b4 Kf8 26. Bd2 Ke7 27. g4 Kd6 28. Kg3 Bd7 29. Bf1 Bb2 30. Bd3 Bxa3 31. Bc3 a6 32. Kh4 Ke7 33. Kg5 Bc1 34. Bf6+ Kf8 35. Be5 Bd2 36. Bd6+ Kg8 37. Kf6 Bc6 38. f5 Bc3+ 39. Ke7 Bg7 40. Kd8 Bf8 41. Bxf8 Kxf8 42. Kc7 Ke7 43. fxg6 fxg6 44. h4 Kf6 45. Kd6 h6 46. Bc2 g5 47. h5 d4 48. Bd1 Be4 49. Be2 d3 50. Bd1 Bg2 51. Kc5 Ke5 0-1

[Event "CAN-op"]
[Site "Edmonton CAN"]
[Date "2009.07.15"]
[Round "5.56"]
[White "Arfin, Sam"]
[Black "Faust, Steven"]
[Result "1-0"]
[WhiteElo "1916"]
[BlackElo "1757"]
[PlyCount "59"]
[GameId "2160767910156059"]
[EventDate "2009.07.11"]
[EventType "swiss"]
[EventRounds "9"]
[EventCountry "CAN"]
[SourceTitle "EXT 2022"]
[Source "ChessBase"]
[SourceDate "2021.10.06"]
[SourceVersion "1"]
[SourceVersionDate "2021.10.06"]
[SourceQuality "1"]

1. d4 Nf6 2. c4 e6 3. Nc3 Bb4 4. Qc2 c5 5. dxc5 O-O 6. Nf3 Nc6 7. Bd2 Bxc5 8. a3 b6 9. e3 h6 10. Bd3 Bb7 11. h4 Ng4 12. Bh7+ Kh8 13. Bd3 Nce5 14. Be2 Nxf3+ 15. Bxf3 Bxf3 16. gxf3 Nf6 17. Ke2 d5 18. cxd5 Nxd5 19. Rag1 Rg8 20. Nxd5 Qxd5 21. Rg5 Qd7 22. Bc3 Be7 23. Rh5 Bf6 24. Rxh6+ gxh6 25. Bxf6+ Rg7 26. Rg1 Rag8 27. Rxg7 Rxg7 28. Qc3 Qb5+ 29. Ke1 e5 30. Bxe5 1-0

[Event "CAN-op"]
[Site "Edmonton CAN"]
[Date "2009.07.15"]
[Round "5.58"]
[White "Farine, Jonathan"]
[Black "Thomas, Bruce"]
[Result "1-0"]
[WhiteElo "1894"]
[BlackElo "1752"]
[PlyCount "89"]
[GameId "2160767910156060"]
[EventDate "2009.07.11"]
[EventType "swiss"]
[EventRounds "9"]
[EventCountry "CAN"]

1. e4 e5 2. Nf3 Nc6 3. Bc4 Bc5 4. O-O d6 5. c3 Nf6 6. d3 h6 7. a4 a6 8. Be3 O-O 9. b4 Bxe3 10. fxe3 Bd7 11. Qe1 Ne7 12. Nbd2 c6 13. Bb3 b5 14. h3 Ng6 15. Qg3 Kh7 16. Rf2 Qe7 17. Nf1 Be6 18. Bxe6 Qxe6 19. Rfa2 Rac8 20. Qe1 d5 21. exd5 Nxd5 22. axb5 axb5 23. Ng3 f5 24. e4 fxe4 25. Nxe4 Kh8 26. Nc5 Qd6 27. Ne4 Qe6 28. Nfd2 Ndf4 29. Nc5 Qf5 30. Qe4 Nxh3+ 31. gxh3 Qf2+ 32. Kh1 Nf4 33. Qf3 Qh4 34. Qg4 Qxh3+ 35. Qxh3 Nxh3 36. Nde4 Rf4 37. Kg2 Ng5 38. Nxg5 Rg4+ 39. Kh3 Rxg5 40. Ra8 Rxa8 41. Rxa8+ Kh7 42. Ra7 Kg6 43. Ne4 Rg1 44. Rc7 Kf5 45. Ng3+ 1-0

[Event "CAN-op"]
[Site "Edmonton CAN"]
[Date "2009.07.15"]
[Round "5.59"]
[White "Kong, Dezheng"]
[Black "Achtemichuk, Chris"]
[Result "1-0"]
[WhiteElo "1890"]
[BlackElo "1676"]
[PlyCount "77"]
[GameId "2160767910156061"]
[EventDate "2009.07.11"]
[EventType "swiss"]
[EventRounds "9"]
[EventCountry "CAN"]
[SourceTitle "EXT 2022"]
[Source "ChessBase"]
[SourceDate "2021.10.06"]
[SourceVersion "1"]
[SourceVersionDate "2021.10.06"]
[SourceQuality "1"]

1. d4 Nf6 2. c4 e6 3. Nc3 Bb4 4. e3 c5 5. a3 Bxc3+ 6. bxc3 O-O 7. Bd3 b6 8. Nf3 Bb7 9. O-O Nc6 10. e4 Ne7 11. e5 Ne4 12. Qc2 f5 13. Re1 Qe8 14. Nd2 Ng5 15. Nf1 Nf3+ 16. gxf3 Qg6+ 17. Ng3 Bxf3 18. Qd2 Rac8 19. Qf4 Bb7 20. Be2 Qe8 21. Bh5 Ng6 22. Bxg6 Qxg6 23. Qg5 Qe8 24. Nh5 Qf7 25. Nf4 cxd4 26. cxd4 Rxc4 27. Be3 Ba8 28. Rac1 Ra4 29. Rc3 Bb7 30. Rec1 Bc6 31. h4 Qe8 32. Kh2 Qd8 33. Qxd8 Rxd8 34. Nxe6 Re8 35. Nf4 Kf7 36. d5 Bb7 37. Rc7 Bxd5 38. Rxd7+ Kf8 39. Rxd5 1-0

[Event "CAN-op"]
[Site "Edmonton CAN"]
[Date "2009.07.15"]
[Round "5.60"]
[White "Desjardins, Simon-Pierre"]
[Black "Miller, Brian"]
[Result "0-1"]
[WhiteElo "2016"]
[BlackElo "1889"]
[PlyCount "96"]
[GameId "2160767910156062"]
[EventDate "2009.07.11"]
[EventType "swiss"]
[EventRounds "9"]
[EventCountry "CAN"]
[SourceTitle "EXT 2022"]
[Source "ChessBase"]
[SourceDate "2021.10.06"]
[SourceVersion "1"]
[SourceVersionDate "2021.10.06"]
[SourceQuality "1"]

1. e4 c5 2. Nc3 g6 3. Nf3 Nc6 4. d4 cxd4 5. Nxd4 Nf6 6. f3 Bg7 7. Be3 O-O 8. Qd2 d5 9. Nxc6 bxc6 10. e5 Nd7 11. f4 a5 12. Na4 Ba6 13. Bxa6 Rxa6 14. Qd3 Qa8 15. O-O Rc8 16. Nc5 Nxc5 17. Bxc5 e6 18. g4 Bf8 19. Bxf8 Rxf8 20. f5 exf5 21. gxf5 Ra7 22. f6 Re8 23. Qe3 Re6 24. Rf3 Rd7 25. Rh3 Qa7 26. Qxa7 Rxa7 27. Re1 h5 28. Rb3 Kh7 29. Rb8 g5 30. h4 g4 31. Kg2 a4 32. Kg3 d4 33. Kf4 Ra5 34. Rd8 c5 35. Kg5 c4 36. Kxh5 g3 37. Rxd4 Rxf6 38. Kg4 Rg6+ 39. Kf3 g2 40. Rg4 Rxg4 41. Kxg4 Rxe5 42. Rd1 Re2 43. Kg3 Rxc2 44. Kh2 Rxb2 45. Rc1 Rxa2 46. Rxc4 a3 47. Rc1 Rb2 48. Ra1 a2 0-1

[Event "CAN-op"]
[Site "Edmonton CAN"]
[Date "2009.07.15"]
[Round "5.61"]
[White "Du, Howard"]
[Black "Usselman, Paul"]
[Result "0-1"]
[WhiteElo "1655"]
[BlackElo "1886"]
[PlyCount "49"]
[GameId "2160767910156063"]
[EventDate "2009.07.11"]
[EventType "swiss"]
[EventRounds "9"]
[EventCountry "CAN"]
[SourceTitle "EXT 2022"]
[Source "ChessBase"]
[SourceDate "2021.10.06"]
[SourceVersion "1"]
[SourceVersionDate "2021.10.06"]
[SourceQuality "1"]

1. d4 d5 2. e3 Nf6 3. c4 c6 4. Nc3 e6 5. Nf3 Bd6 6. Bd3 Nbd7 7. O-O O-O 8. c5 Bc7 9. b4 e5 10. Be2 e4 11. Nd2 b6 12. f3 Re8 13. Rb1 a5 14. b5 bxc5 15. dxc5 Nxc5 16. Ba3 Nd3 17. Bxd3 exd3 18. bxc6 Rxe3 19. Bc5 d4 20. Nc4 Re6 21. Na4 Ba6 22. Ncb6 Rb8 23. Qd2 Rxc6 24. Qxa5 Bc4 25. Rb2 0-1

[Event "CAN-op"]
[Site "Edmonton CAN"]
[Date "2009.07.15"]
[Round "5.62"]
[White "Kalaydina, Regina Veronicka"]
[Black "Smith, Maurice"]
[Result "1-0"]
[WhiteElo "1812"]
[BlackElo "1635"]
[PlyCount "77"]
[GameId "2160767910156064"]
[EventDate "2009.07.11"]
[EventType "swiss"]
[EventRounds "9"]
[EventCountry "CAN"]
[SourceTitle "EXT 2022"]
[Source "ChessBase"]
[SourceDate "2021.10.06"]
[SourceVersion "1"]
[SourceVersionDate "2021.10.06"]
[SourceQuality "1"]

1. d4 Nf6 2. c4 c5 3. Nf3 cxd4 4. Nxd4 d6 5. Nc3 Bd7 6. e4 Nc6 7. Be2 g6 8. Be3 Bg7 9. f3 Rc8 10. O-O a6 11. Qd2 O-O 12. Rfc1 Nxd4 13. Bxd4 Qa5 14. a4 Be6 15. Be3 Rfe8 16. b3 Nd7 17. Rab1 Ne5 18. b4 Qd8 19. Nd5 Bxd5 20. cxd5 Qd7 21. a5 Rxc1+ 22. Rxc1 Rc8 23. Bb6 Qe8 24. f4 Nd7 25. Be3 Nf6 26. Bf3 h5 27. Rd1 Rc4 28. e5 dxe5 29. fxe5 Ng4 30. Bxg4 hxg4 31. d6 Qd7 32. Bc5 e6 33. Qg5 Bf8 34. Rf1 Re4 35. Qf6 Re2 36. Bb6 Rd2 37. Bd8 Bxd6 38. exd6 Rxd6 39. Be7 1-0

[Event "CAN-op"]
[Site "Edmonton CAN"]
[Date "2009.07.15"]
[Round "5.63"]
[White "Pisanski, Piotr"]
[Black "Ritchie, Gordon"]
[Result "1-0"]
[WhiteElo "1428"]
[BlackElo "1870"]
[PlyCount "89"]
[GameId "2160767910156065"]
[EventDate "2009.07.11"]
[EventType "swiss"]
[EventRounds "9"]
[EventCountry "CAN"]
[SourceTitle "EXT 2022"]
[Source "ChessBase"]
[SourceDate "2021.10.06"]
[SourceVersion "1"]
[SourceVersionDate "2021.10.06"]
[SourceQuality "1"]

1. e4 d5 2. exd5 Qxd5 3. Nc3 Qd6 4. d4 Nf6 5. Nf3 a6 6. g3 Bg4 7. Bg2 e6 8. Qd3 Bf5 9. Qe2 c6 10. O-O Be7 11. Bf4 Qb4 12. Nh4 Bg4 13. Qd2 O-O 14. Nf3 Rd8 15. Bc7 Rd7 16. a3 Qxb2 17. Rfb1 Qxa1 18. Rxa1 Rxc7 19. Qf4 Rc8 20. Rb1 Bxf3 21. Bxf3 b5 22. a4 Ra7 23. Na2 Rac7 24. c4 b4 25. c5 a5 26. Nc1 Nd5 27. Bxd5 cxd5 28. Nb3 Nc6 29. g4 h6 30. Qd2 Bf6 31. f4 g6 32. h4 Bxh4 33. g5 hxg5 34. fxg5 f6 35. gxf6 Bxf6 36. Rf1 Rf7 37. Kg2 Kg7 38. Rh1 g5 39. Qd3 Rh8 40. Rxh8 Kxh8 41. Qh3+ Kg7 42. Qxe6 Nxd4 43. Nxd4 Bxd4 44. Qxd5 Be3 45. Qe5+ 1-0

[Event "CAN-op"]
[Site "Edmonton CAN"]
[Date "2009.07.15"]
[Round "5.64"]
[White "Manley, Jason"]
[Black "McCleary, Reuben"]
[Result "1-0"]
[WhiteElo "2028"]
[BlackElo "1508"]
[PlyCount "86"]
[GameId "2160767910156066"]
[EventDate "2009.07.11"]
[EventType "swiss"]
[EventRounds "9"]
[EventCountry "CAN"]

1. e4 c5 2. Nf3 e6 3. d4 cxd4 4. Nxd4 Nf6 5. Nc3 Bb4 6. Bg5 Bxc3+ 7. bxc3 Qa5 8. Bd2 Nxe4 9. Qg4 Nxd2 10. Qxg7 Rf8 11. Kxd2 a6 12. Bd3 Nc6 13. Nf5 Qd5 14. Qf6 d6 15. Rhe1 Rg8 16. Kc1 Qc5 17. Be4 d5 18. Nh6 Rf8 19. Bxh7 Qe7 20. Qg7 e5 21. Ng8 Qa3+ 22. Kb1 Be6 23. Nf6+ Ke7 24. f4 Qxc3 25. Ng8+ Kd7 26. Rf1 Nd4 27. Qxe5 Rxg8 28. g3 f5 29. Rf2 Qb4+ 30. Kc1 Rh8 31. Rb1 Qa3+ 32. Kd1 Nb5 33. Bxf5 Rhe8 34. Qxd5+ Kc7 35. Qe5+ Kb6 36. Bxe6 Rad8+ 37. Ke1 Qa5+ 38. Kf1 Qa3 39. Kg2 Qc5 40. Qxc5+ Kxc5 41. Bb3 Re7 42. Rbf1 Nd4 43. f5 Rf8 1-0

[Event "CAN-op"]
[Site "Edmonton CAN"]
[Date "2009.07.15"]
[Round "5.65"]
[White "Sillador, Rory"]
[Black "Boron, Anthony"]
[Result "0-1"]
[WhiteElo "1890"]
[BlackElo "1992"]
[PlyCount "192"]
[GameId "2160767910156067"]
[EventDate "2009.07.11"]
[EventType "swiss"]
[EventRounds "9"]
[EventCountry "CAN"]
[SourceTitle "EXT 2022"]
[Source "ChessBase"]
[SourceDate "2021.10.06"]
[SourceVersion "1"]
[SourceVersionDate "2021.10.06"]
[SourceQuality "1"]

1. d4 d5 2. c4 e5 3. dxe5 d4 4. Nf3 Nc6 5. g3 Bg4 6. Bg2 Qd7 7. O-O O-O-O 8. Qb3 Be6 9. Rd1 Na5 10. Qc2 c5 11. Na3 Ne7 12. Ng5 Bf5 13. Qd2 Nec6 14. b3 h6 15. Ne4 a6 16. Nc2 b6 17. Ba3 Qc7 18. f4 Be7 19. Ne1 Rhe8 20. Nd3 g5 21. Rf1 g4 22. Rac1 Nb7 23. b4 Bxe4 24. Bxe4 Nxb4 25. Bxb4 cxb4 26. Nxb4 Nc5 27. Nd5 Nxe4 28. Qb2 Rxd5 29. cxd5 Bc5 30. Kg2 Nc3 31. Rxc3 dxc3 32. Qxc3 Qd7 33. Qc4 Qb5 34. Qe4 h5 35. d6 Kb8 36. Rb1 Qd7 37. Qc4 Qb7+ 38. e4 Bxd6 39. exd6 Rxe4 40. Qc7+ Qxc7 41. dxc7+ Kxc7 42. Rc1+ Kd6 43. Kf2 a5 44. Rc8 Ra4 45. Rc2 Rb4 46. Ke3 a4 47. Kd3 b5 48. Re2 f6 49. Kc3 Rc4+ 50. Kb2 Kd5 51. Re8 Re4 52. Rd8+ Kc5 53. Rd2 Re3 54. a3 Rb3+ 55. Ka2 Re3 56. Rb2 Re1 57. Rc2+ Kd5 58. Rb2 Kc4 59. Rb4+ Kc5 60. Rb2 Re4 61. Rc2+ Rc4 62. Rd2 Rc3 63. Kb2 Rb3+ 64. Ka2 Rf3 65. Rc2+ Kd4 66. Rb2 Kc4 67. Rb4+ Kc5 68. Rb2 Re3 69. Rc2+ Kb6 70. Rd2 Re6 71. Kb2 Kc5 72. Rc2+ Kd4 73. Rd2+ Kc4 74. Rc2+ Kd3 75. Rc3+ Kd4 76. Rc2 Re3 77. Rd2+ Rd3 78. Re2 Kd5 79. Ka2 Rb3 80. Rd2+ Ke4 81. Rd6 Kf5 82. Rd5+ Kg6 83. Rc5 b4 84. axb4 Rxb4 85. Ka3 Re4 86. Rc2 h4 87. Rc3 Re2 88. Kxa4 Rxh2 89. gxh4 Rxh4 90. Kb4 Kf5 91. Rc5+ Kxf4 92. Kc3 Rh2 93. Kd3 g3 94. Rc4+ Kf3 95. Rc3 Rh6 96. Rc5 Rh4 0-1